Historia del mueble (Record no. 5256)
[ view plain ]
| 000 -CABECERA | |
|---|---|
| campo de control de longitud fija | 00779nam a2200241 a 4500 |
| 001 - NÚMERO DE CONTROL | |
| campo de control | BRCA_5562 |
| 005 - FECHA Y HORA DE LA ÚLTIMA TRANSACCIÓN | |
| campo de control | 20190320205131.0 |
| 008 - DATOS DE LONGITUD FIJA--INFORMACIÓN GENERAL | |
| campo de control de longitud fija | 180211s1946----sp-a######---#001-0#spa-# |
| 041 ## - CÓDIGO DE LENGUA | |
| Código de lengua del texto/banda sonora o título independiente | spa |
| 044 ## - CÓDIGO DEL PAÍS DE LA ENTIDAD EDITORA/PRODUCTORA | |
| Código MARC del país | sp |
| 050 #4 - SIGNATURA TOPOGRÁFICA DE LA BIBLIOTECA DEL CONGRESO | |
| Número de clasificación | NK2270 |
| Número de documento/Ítem | .F43 1946 |
| 100 1# - ENTRADA PRINCIPAL--NOMBRE DE PERSONA | |
| Nombre de persona | Feduchi, Luis M. |
| 9 (RLIN) | 11958 |
| 245 10 - MENCIÓN DE TÍTULO | |
| Título | Historia del mueble |
| Mención de responsabilidad, etc. | Luis M. Feduchi ; prólogo del Marqués de Lozoya. |
| 260 ## - PUBLICACIÓN, DISTRIBUCIÓN, ETC. | |
| Lugar de publicación, distribución, etc. | Madrid |
| Nombre del editor, distribuidor, etc. | A. Aguado |
| Fecha de publicación, distribución, etc. | 1946 |
| 300 ## - DESCRIPCIÓN FÍSICA | |
| Extensión | 236 p. |
| Otras características físicas | il. (algunas a color), 1085 láminas |
| Dimensiones | 28 cm. |
| 500 ## - NOTA GENERAL | |
| Nota general | Incluye índice analítico |
| 500 ## - NOTA GENERAL | |
| Nota general | Libro restaurado, edición con cantos dorados |
| 500 ## - NOTA GENERAL | |
| Nota general | F37 |
| 650 14 - PUNTO DE ACCESO ADICIONAL DE MATERIA--TÉRMINO DE MATERIA | |
| Término de materia o nombre geográfico como elemento de entrada | Muebles |
| Subdivisión general | Historia |
| 9 (RLIN) | 4173 |
| 700 1# - PUNTO DE ACCESO ADICIONAL--NOMBRE DE PERSONA | |
| Nombre de persona | Contreras y López de Ayala, Juan de |
| Títulos y otros términos asociados al nombre | Marqués de Lozoya |
| Fechas asociadas al nombre | 1893-1978 |
| Término indicativo de función/relación | Prologuista |
| 9 (RLIN) | 14193 |
| 902 ## - CATALOGADOR | |
| Iniciales | GFM |
| 942 ## - ELEMENTOS DE PUNTO DE ACCESO ADICIONAL (KOHA) | |
| Fuente del sistema de clasificación o colocación | Library of Congress Classification |
| Tipo de ítem Koha | Libros |
| Estado de retiro | Estado de pérdida | Estado dañado | No para préstamo | Localización permanente | Ubicación/localización actual | Fecha de adquisición | Número de inventario | Total de préstamos | Signatura topográfica completa | Código de barras | Fecha visto por última vez | Precio válido a partir de | Tipo de ítem Koha |
|---|---|---|---|---|---|---|---|---|---|---|---|---|---|
| El ejemplar forma parte de la colección y puede ser consultado según las políticas vigentes. | Biblioteca del Museo Franz Mayer (Rogerio Casas-Alatriste) | Biblioteca del Museo Franz Mayer (Rogerio Casas-Alatriste) | 11/02/2011 | F37 | NK2270 .F43 1946 (F37) | 5998 | 22/03/2019 | 22/03/2019 | Libros |